Análisis de las características climáticas de la vivienda tradicional y prefabricada en dos zonas geográficas diferentes

محفوظ في:
التفاصيل البيبلوغرافية
المؤلف الرئيسي: León Umaña, Jorge
التنسيق: كتاب
منشور في: San Pedro de Montes de Oca, [C.R.] 2003
الموضوعات:
الوسوم: إضافة وسم
لا توجد وسوم, كن أول من يضع وسما على هذه التسجيلة!

MARC

LEADER 00000nam a2200000Ia 4500
003 009250
005 20221231144144.0
008 140114s2003 cr a m 000 ||s d
040 |c cru CEDI 
090 |a TFG 4790 
100 |a León Umaña, Jorge  |9 6802 
245 |a Análisis de las características climáticas de la vivienda tradicional y prefabricada en dos zonas geográficas diferentes  
260 |c 2003  |a San Pedro de Montes de Oca, [C.R.] 
300 |a  212, [5] hojas : ilustraciones, mapas color  
500 |a  Proyecto de graduación (licenciatura en ingeniería civil)--Universidad de Costa Rica, Facultad de Ingeniería, Escuela de Ingeniería Civil 
650 |x ARQUITECTURA Y CLIMA   |x CASAS PREFABRICADAS   |x VIVIENDAS OBRERAS   |x CONSERVACION DE LA ENERGIA  |x ASPECTOS AMBIENTALES   |x VIVIENDAS   |x TEMPERATURA   |x  MEDICIONES  |9 6803 
942 |c TFG 
999 |c 17693  |d 17693